| 000 | 00469nam a22001697a 4500 | ||
|---|---|---|---|
| 999 |
_c40587 _d40587 |
||
| 003 | OSt | ||
| 005 | 20201127111852.0 | ||
| 008 | 191011b ||||| |||| 00| 0 eng d | ||
| 020 | _a9788182677366 | ||
| 040 | _coclc | ||
| 082 |
_a894.8123 _bJAY/A |
||
| 100 |
_aJayamohan _96962 |
||
| 245 |
_aAana Doctor / _cJayamohan |
||
| 260 |
_aKozhikode: _bMathrubhumi Books, _c2017. |
||
| 300 | _a112p | ||
| 942 |
_2ddc _cBK _h894.8123 _iJAY/A _k894.8123 _mJAY/A |
||